Actor's With "Z" in Their Name by Picture - Statistics

General Stats
  • This quiz has been taken 131 times
  • The average score is 5 of 8
Answer Stats
Picture Answer % Correct
Arnold Schwarzenegger
86%
Zendaya
84%
Zac Efron
82%
Selena Gomez
81%
Zoe Saldana
68%
George Lopez
47%
Elizabeth Olsen
42%
Aziz Ansari
22%
No matching quizzes found
Score Distribution
Percent of People with Each Score
Percentile by Number Answered
Your Score History
You have not taken this quiz